000 00658nam a2200277Ia 4500
005 20260324123613.0
008 008 260324s9999 xx 000 0 eng d
020 _a9781315588131
037 _aEBOOK
040 _aCRL
040 _beng
040 _cCRL
041 _2eng
041 _aeng
084 _qCRL
100 _aDorothy de Val
_91170938
245 0 _aIn Search of Song: The Life and Times of Lucy Broadwood
260 _bTaylor and Francis
260 _c2011
365 _a
365 _b240
856 _uhttp://www.taylorfrancis.com/books/9781315588131
942 _cEBOOK
999 _c1764610
_d1764610